000 00364nam a2200133 a 4500
005 20140414131917.0
008 101019s19uu xx 00 eng d
050 _aER
_bP93 2005
100 _aLewison, Wendy Cheyette
245 _aPrincess Buttercup :
_ba flower princess story.
260 _aNew York :
_bGrosset & Dulap,
_c2001.
440 _a
999 _c111517
_d111517